|
|
|
|
| LEADER |
00850nab a2200205 i 4500 |
| 001 |
misc55719 |
| 005 |
20241016082105.0 |
| 008 |
200506s1958 hu o 000 rum d |
| 040 |
|
|
|a SZTE Miscellanea Repozitórium
|b hun
|
| 041 |
|
|
|a rum
|
| 100 |
2 |
|
|a Alexandrescu-Dersca Maria Matilda
|
| 245 |
1 |
0 |
|a Rolul hatișerifurilor de privilegii în limitarea obligațiilor cǎtre Poartǎ
|h [elektronikus dokumentum] :
|b 1774-1802 /
|c Alexandrescu-Dersca Maria Matilda
|
| 260 |
|
|
|a Ed. Academiei Républicii Populare Romîne
|b București
|c 1958
|
| 300 |
|
|
|a 101-121
|
| 490 |
0 |
|
|a Studii: revistǎ de istorie
|
| 561 |
|
|
|a Németh Gyula hagyaték
|
| 650 |
|
4 |
|a Bölcsészettudományok
|
| 650 |
|
4 |
|a Történettudomány és régészet
|
| 695 |
|
|
|a Oszmán Birodalom története - 18. sz.
|
| 856 |
4 |
0 |
|u http://misc.bibl.u-szeged.hu/55719/1/082_noa_a36.pdf
|z Dokumentum-elérés
|